Fotochemické vlastnosti koordinačných zlúčenín s potenciálnou biologickou aktivitou

Enregistré dans:
Détails bibliographiques
Auteur principal: Ujmiaková, Zuzana (Auteur)
Autres auteurs: Dvoranová, Dana (Directeur de thèse)
Format: Manuscrit Livre
Langue:slovaque
Publié: 2025
Sujets:
Accès en ligne:http://is.stuba.sk/zp/portal_zp.pl?podrobnosti=180099
Tags: Ajouter un tag
Pas de tags, Soyez le premier à ajouter un tag!

MARC

LEADER 00000ntm a22000003a 4500
001 stuzp105349
003 SK-STU
005 20250628212621.6
007 ta
008 150427s2015----xo-----f-mn---000-0-slo-d
040 |a STU  |b slo 
041 0 |a slo 
100 1 |a Ujmiaková, Zuzana  |u 045210  |4 aut  |U FCHPT Ústav fyzikálnej chémie a chemickej fyziky  |T FCHPT Oddelenie fyzikálnej chémie  |X 122512  |U C5210  |Y 117  |7 122512 
242 0 1 |a Photochemical Properties of Complexes with Potential Biological Activity  |y eng 
245 1 0 |a Fotochemické vlastnosti koordinačných zlúčenín s potenciálnou biologickou aktivitou 
260 |c 2025 
650 4 |a Schiffova báza  |2 slo 
650 4 |a fotosenzibilizátor  |2 slo 
650 4 |a fotoexcitácia  |2 slo 
650 4 |a antioxidant  |2 slo 
650 4 |a Schiff base  |2 eng 
650 4 |a Photosensitiser  |2 eng 
650 4 |a Photoexcitation  |2 eng 
650 4 |a Antioxidant  |2 eng 
700 1 |a Dvoranová, Dana  |u 045210  |k Z1  |4 ths  |U FCHPT Ústav fyzikálnej chémie a chemickej fyziky  |T FCHPT Oddelenie fyzikálnej chémie  |X 3943  |U C5210  |Y 117  |7 A000003943 
856 4 |u http://is.stuba.sk/zp/portal_zp.pl?podrobnosti=180099